Chinh phụ ngâm

Bewaard in:
Bibliografische gegevens
Formaat: Boek
Gepubliceerd in: 2007
Tags: Voeg label toe
Geen labels, Wees de eerste die dit record labelt!
Thư viện lưu trữ: Mạng thư viện Đại học Đà Nẵng
LEADER 00433nam a22001811a 4500
001 000040945
003 17240
005 20160412023713.0
008 160412s2007 000
082 |a V(23)322-24 
245 |a Chinh phụ ngâm  |c Đặng Trần Côn 
260 |c 2007 
OWN |a LNN 
999 |a From the UDN01 
TYP |a Monograph 
980 |a Mạng thư viện Đại học Đà Nẵng